Viaje por España = Sprachführer für Deutsche in Spanien (Record no. 5796)

MARC details
000 -CABECERA
campo de control de longitud fija 00701nam a2200229 a 4500
001 - NÚMERO DE CONTROL
campo de control BRCA_6109
005 - FECHA Y HORA DE LA ÚLTIMA TRANSACCIÓN
campo de control 20190320205334.0
008 - DATOS DE LONGITUD FIJA--INFORMACIÓN GENERAL
campo de control de longitud fija 300611s1891----gw-#######---#000-0#ger-#
041 ## - CÓDIGO DE LENGUA
Código de lengua del texto/banda sonora o título independiente ger
044 ## - CÓDIGO DEL PAÍS DE LA ENTIDAD EDITORA/PRODUCTORA
Código MARC del país gw
050 #4 - SIGNATURA TOPOGRÁFICA DE LA BIBLIOTECA DEL CONGRESO
Número de clasificación DP42
Número de documento/Ítem .S87 1891
245 10 - MENCIÓN DE TÍTULO
Título Viaje por España = Sprachführer für Deutsche in Spanien
Resto del título Praktisches Handbuch der Spanischen Umgangssprache
Mención de responsabilidad, etc. von Th. Stromer
250 ## - MENCIÓN DE EDICIÓN
Mención de edición 2
260 ## - PUBLICACIÓN, DISTRIBUCIÓN, ETC.
Lugar de publicación, distribución, etc. Berlín
Nombre del editor, distribuidor, etc. F.A. Herbig
Fecha de publicación, distribución, etc. 1891
300 ## - DESCRIPCIÓN FÍSICA
Extensión 144 p.
Dimensiones 15 cm.
500 ## - NOTA GENERAL
Nota general Título de cubierta: Stromer, Viaje por Espana
500 ## - NOTA GENERAL
Nota general K11
650 14 - PUNTO DE ACCESO ADICIONAL DE MATERIA--TÉRMINO DE MATERIA
Término de materia o nombre geográfico como elemento de entrada Alemán
Término indicativo de función/relación Ejercicios de redacción
9 (RLIN) 15435
650 14 - PUNTO DE ACCESO ADICIONAL DE MATERIA--TÉRMINO DE MATERIA
Término de materia o nombre geográfico como elemento de entrada España
Subdivisión de forma Descripción y viajes
9 (RLIN) 15436
902 ## - CATALOGADOR
Iniciales GFM
942 ## - ELEMENTOS DE PUNTO DE ACCESO ADICIONAL (KOHA)
Fuente del sistema de clasificación o colocación Library of Congress Classification
Tipo de ítem Koha Libros
Holdings
Estado de retiro Estado de pérdida Estado dañado No para préstamo Localización permanente Ubicación/localización actual Fecha de adquisición Número de inventario Total de préstamos Signatura topográfica completa Código de barras Fecha visto por última vez Precio válido a partir de Tipo de ítem Koha
El ejemplar forma parte de la colección y puede ser consultado según las políticas vigentes.       Biblioteca del Museo Franz Mayer (Rogerio Casas-Alatriste) Biblioteca del Museo Franz Mayer (Rogerio Casas-Alatriste) 30/06/2011 K11   DP42 .S87 1891 (K11) 6548 22/03/2019 22/03/2019 Libros